000 01295fam a2200349 a 4500
001 1703712
003 ARRUPE
005 20150716145202.0
008 950914s1995 enk b 001 0 eng
010 _a 95025575 //r982
020 _a074531046X
035 _a(OCoLC)33984297
035 _a(OCoLC)ocm33984297
035 _a(NNC)1703712
040 _aDLC
_cDLC
_dDLC
050 0 0 _aHG3881
_b.R418 1995 vol. 1
082 0 0 _a332/.042 s
_a332/.042
_220
245 0 0 _aPromoting development :
_beffective global institutions for the twenty-first century /
_cedited by Jo Marie Griesgraber and Bernhard G. Gunter.
260 _aLondon ;
_aEast Haven, Conn. :
_bPluto Press, with Center of Concern, Washington, DC,
_cc1995.
300 _axv, 147 p. ;
_c22 cm.
490 1 _aRethinking Bretton Woods ;
_vv. 1
504 _aIncludes bibliographical references (p. 132-134) and indexes.
650 0 _aInternational finance.
_918267
650 0 _aDevelopment banks
_xHistory.
_918268
650 0 _aEconomic development
_xHistory.
_918269
700 1 _aGriesgraber, Jo Marie.
_918270
700 1 _aGunter, Bernhard G.,
_d1964-
_918271
710 2 _aCenter of Concern (Washington, D.C.)
_9543
830 0 _aRethinking Bretton Woods ;
_vv. 1.
_918272
942 _2lcc
_cMONOGRAPH
999 _c122959
_d122959